000 00739nam a22002177a 4500
005 20100816141340.0
010 _aENG-100614
020 _c35.00
035 _aEN-84147
037 _bDBAD/PUB
082 _a280.21
100 _aBastian, M. S.
_914006
245 _aPeter :
_bthe servent-leader /
_cby M.S. Bastian
260 _aDindigul (Tamilnadu)
_bVaigarai Publications
_c2006
270 _aBeschi College
_bTamilnadu
_e624001
300 _a116p.
_c22cm (pbk)
650 _aApostles
_914007
650 _aPeter, The Apostle, Saint
_914008
942 _2ddc
_cEN
_h280.21
_mBAS
999 _c42144
_d42144